Central Library OPAC University of Rajshahi

Erewhon : (Record no. 18708)

MARC details
000 -LEADER
fixed length control field 00984cam a22003011 4500
001 - CONTROL NUMBER
control field 18708
003 - CONTROL NUMBER IDENTIFIER
rucl marc code BD-RjUL
005 - DATE AND TIME OF LATEST TRANSACTION
control field 20211209000325.0
008 - FIXED-LENGTH DATA ELEMENTS--GENERAL INFORMATION
fixed length control field 140222r19651959enkag b 000 0 eng
035 ## - SYSTEM CONTROL NUMBER
System control number (BD-RjUL)18766
System control number (OCoLC)1966114
040 ## - CATALOGING SOURCE
Original cataloging agency DLC
Transcribing agency FJUNF
Modifying agency OCoLC
-- DLC
-- BD-RjUL
Language of cataloging eng
041 ## - LANGUAGE CODE
Language code of text/sound track or separate title eng
082 ## - DEWEY DECIMAL CLASSIFICATION NUMBER
Classification number 823.8
Author mark and year BUE 1965
100 1# - MAIN ENTRY--PERSONAL NAME
Personal name Butler, Samuel,
Dates associated with a name 1835-1902.
9 (RLIN) 57621
245 10 - TITLE STATEMENT
Title Erewhon :
Remainder of title Erewhon revisited /
Statement of responsibility, etc. [by] Samuel Butler.
260 ## - PUBLICATION, DISTRIBUTION, ETC. (IMPRINT)
Place of publication, distribution, etc. London ;
-- New York :
Name of publisher, distributor, etc. J.M. Dent & sons, ltd.;
-- E.P. Dutton & co., inc.,
Date of publication, distribution, etc. c1959 [Reprinted 1965].
300 ## - PHYSICAL DESCRIPTION
Pagination xv, 389 p., 1 l. :
Illustrations illus. (music) ;
Size 18 cm.
490 1# - SERIES STATEMENT
Series statement Everyman's library, ed. by Ernest Rhys. Fiction.
Volume/sequential designation no. 881
504 ## - BIBLIOGRAPHY, ETC. NOTE
Bibliography, etc Includes bibliography (p. xii).
650 #0 - SUBJECT ADDED ENTRY--TOPICAL TERM
Topical term or geographic name as entry element Utopias.
9 (RLIN) 57622
830 #0 - SERIES ADDED ENTRY--UNIFORM TITLE
Volume number/sequential designation 881.
830 #0 - SERIES ADDED ENTRY--UNIFORM TITLE
Uniform title Everyman's library ;
942 ## - ADDED ENTRY ELEMENTS (KOHA)
Source of classification or shelving scheme Dewey Decimal Classification
Koha item type Books
Holdings
Lost status Source of classification or shelving scheme Damaged status Not for loan Collection code Permanent Location Current Location Shelving location Date acquired Source of acquisition Cost, normal purchase price Total Checkouts Full call number Date last seen Copy number Koha item type
  Dewey Decimal Classification     Fiction Central Library, University of Rajshahi Central Library, University of Rajshahi   29/10/1968 Zetlinger 11.60   823.8 BUE 1965 22/02/2014 C-3 Books
  Dewey Decimal Classification     Fiction Central Library, University of Rajshahi Central Library, University of Rajshahi   30/01/1961 Provisicial Library, Dhaka 11.25   823.8 BUE 1960 12/11/2016 C-2 Books